| 000 | 00632nam a22001937a 4500 | ||
|---|---|---|---|
| 003 | 0 | ||
| 005 | 20230929115155.0 | ||
| 008 | 230929b xxu||||| |||| 00| 0 eng d | ||
| 020 | _a978-1-350-18066-6 | ||
| 050 |
_aLB 1578 _b.Ed43 2022 |
||
| 100 | _aEddy, Jennifer | ||
| 245 |
_aDesigning world language curriculum for intercultural communicative competence _cJennifer Eddy |
||
| 260 |
_aSydney _bBloomsbury Academic _cc2022. |
||
| 300 |
_axxii, 348 pages ; _c24 cm. |
||
| 500 | _aLanguage teaching. | ||
| 504 | _aIncludes bibliographical references, glossary, and index. | ||
| 650 | _aLanguage teaching. | ||
| 942 |
_2lcc _cBK |
||
| 999 |
_c365432 _d365432 |
||